Responses for Show #5815 - Friday, December 18, 2009

Ryan Chaffee game 1.

Contestants

[<< previous game]

Bobbie Fulton, a high school French teacher from Middletown, Connecticut

Ryan Chaffee, a tutor from Los Angeles, California

Jennifer Montgomery, a jazz radio station development director from Encinitas, California (whose 3-day cash winnings total $45,200)

[next game >>]

Jeopardy! Round responses

THE 7 ANCIENT WONDERS
COMIC BOOK VILLAINS
THE FOOD & DRINK MAP
WEIGHTS & MEASURES
"BY" NOW
PREY LATER
    $200 11
the Pyramids

Bobbie
    $200 25
the Penguin

Ryan
    $200 1
Asti

Bobbie
    $200 7
a quarter

Ryan
    $200 3
bylines

Bobbie
    $200 16
the dingo

Bobbie
    $400 12
the Colossus of Rhodes

Ryan
    $400 26
the Green Goblin

Ryan
    $400 2
Boston

Ryan
    $400 9
a liter

Bobbie
    $400 8
a byte

Bobbie
    $400 17
a barn owl

Jennifer
    $1,400 14
the Lighthouse (of Alexandria)

Bobbie
    $600 27
Loki

Ryan
    $600 4
Peking

Jennifer
    $600 10
a jigger

Bobbie
    $600 13
a byway

Bobbie
    $600 18
the asp

Ryan
    $800 15
the Hanging Gardens of Babylon

Ryan
    $800 28
(Ryan: Who is Flash Gordon?)

Flash

Ryan
Triple Stumper
    $800 5
Alaskan

Bobbie
    $800 21
bricks

Ryan
    $800 22
by hook or by crook

Ryan
    $800 19
the wolverine

Ryan
    $1000 23
(Alex: That was the famous [*] at Halicarnassus. A minute to go, now, Ryan.)

the Mausoleum

Triple Stumper
    $1000 29
(Alex: Yes, you know your comic book villains--my gosh!)
[The end-of-round signal sounds.]

Magneto

Ryan
    $1000 6
Jerusalem

Bobbie
    $1000 24
Bye Bye Birdie

Ryan
    $1000 20
a hedgehog

Jennifer

Scores at the first commercial break (after clue 14):

Jennifer Ryan Bobbie
$600 $1,000 $5,800

Scores at the end of the Jeopardy! Round:

Jennifer Ryan Bobbie
$2,000 $7,200 $6,000

Double Jeopardy! Round responses

CANADIAN BAL-EH?
PLAY BALL
VICE PRESIDENTS' BIOS
UPHOLSTERY
LITERARY "EL" MEN
JUST SAY NO
    $400 15
Romeo and Juliet

Ryan
    $400 1
[ERRATUM: The clue as displayed contained the spurious comma after "kick" as printed here.]

soccer

Jennifer
    $400 9
(Spiro) Agnew

Ryan
    $400 26
springs

Ryan
    $400 3
Elmer

Ryan
    $400 22
no

Ryan
    $800 16
Sleeping Beauty

Jennifer
    $800 2
bocce

Ryan
    $800 10
Dan Quayle

Triple Stumper
    $800 27
an overstuffed chair

Ryan
    $1,400 4
Ellery Queen

Ryan
    $800 23
non

Jennifer
    $1200 28
(Ryan: Who is Dion?)

Joni Mitchell

Ryan
Triple Stumper
    $1200 8
a ping-pong ball

Ryan
    $1200 11
(Joe) Biden

Jennifer
    $1200 20
cambric

Triple Stumper
    $1200 5
Ellison

Ryan
    $1200 24
nein

Ryan
    $1600 29
(Alex: The author was [*]. Alice--the Alice of Alice in Wonderland.)

Lewis Carroll

Triple Stumper
    $1600 12
sacks

Ryan
    $3,000 13
Hannibal Hamlin

Ryan
    $1600 19
buttons

Triple Stumper
    $1600 6
Elbow

Jennifer
    $1600 25
(Jennifer: What is natch?)

maybe

JenniferRyan
    $2000 30
(Alex: Ryan just put his signaling device down, because he was too embarrassed to come up with [*].)

the pas de deux

Triple Stumper
    $2000 17
(Jennifer: What are the even numbers?)
(Bobbie: What are the odd numbers?)
(Ryan: What is 11?)
...
(Alex: The range is from [*]. The striped are always [*]. The first seven balls are solid colors.)

9-15

JenniferRyanBobbie
Triple Stumper
    $2000 14
(John) Calhoun

Ryan
    $2000 18
kapok

Triple Stumper
    $2000 7
Elrond

Triple Stumper
    $2000 21
(Alex: It might help if we started at the top of the category so you get some sense of the material.)

dash dash dash

Triple Stumper

Scores at the end of the Double Jeopardy! Round:

Jennifer Ryan Bobbie
$3,200 $20,800 $4,000
(lock game)

[wagering suggestions for these scores]

Final Jeopardy! Round responses

HEALTH & FITNESS
JenniferWhat are Calisthenics?
$801
BobbieWhat is aerobics?
$2,401
RyanWhat is aerobics?
$0
aerobics

Final scores:

Jennifer Ryan Bobbie
$2,399 $20,800 $6,401
3rd place: $1,000 New champion: $20,800 2nd place: $2,000

Game dynamics:

Coryat scores:

Jennifer Ryan Bobbie
$3,200 $18,800 $3,200
8 R,
2 W
28 R
(including 2 DDs),
3 W
11 R
(including 1 DD),
1 W

Combined Coryat: $25,200

[game clues] [game scores] [suggest correction]

Game tape date: 2009-11-04
The J! Archive is created by fans, for fans. Scraping, republication, monetization, and malicious use prohibited; this site may use cookies and collect identifying information. See terms. The Jeopardy! game show and all elements thereof, including but not limited to copyright and trademark thereto, are the property of Jeopardy Productions, Inc. and are protected under law. This website is not affiliated with, sponsored by, or operated by Jeopardy Productions, Inc. Join the discussion at JBoard.tv.